zpět

Detail výsledku týmu

Expedice, Šternberk

Datum a čas kvízu

9.5 Celkem bodů Celkový počet nahraných bodů na tomto kvízu bez doplňovacích otázek.
5. Pořadí na kvízu Konečné umístění týmu na tomto kvízu.

Zaznamenané odpovědi

# Otázka Odpověď Body Výsledky
1. Úředníci pražského katastrální... 0
2. Extrémní sněhovou nadílku, kte... 0
3. Jistá značka vodky přišla tent... 0
4. Který muzikant doprovodil svou... 0
5. Norští olympijští kuchaři si s... 0
6. Ke které knize odkazuje tento... 1
7. Naše nejmenší CHKO má rozlohu... 0
8. Jak nazýváme vojensko-politick... 0
9. Jedna dvoučlenná a dnes již ne... 0
10. Kterou lichotivou přezdívkou č... 1